01477nam a2200361 a 4500001001200000003000800012006001900020007001500039008004100054020001800095020001800113020002700131040002100158035002100179043002100200050002500221100001800246245016800264260004400432300001500476490004200491504005100533533015200584650002500736650003300761650002900794651003600823651004100859655002900900710001700929830004300946856012600989ebr10479698CaPaEBRm u cr cn|||||||||110714s2007 enk sb 001 0 eng d z9780955284632 z9780745327778 z9781849643979 (e-book) aCaPaEBRcCaPaEBR a(OCoLC)742516167 aa-iq---an-us---14aDS79.76b.R64 2007eb1 aRogers, Paul.10aTowards sustainable securityh[electronic resource] :balternatives to the war on terror : Oxford Research Group international security report 2007 /cPaul Rogers. aLondon :bOxford Research Group,c2007. aix, 137 p.1 aInternational security report ;v2007 aIncludes bibliographical references and index. aElectronic reproduction.bPalo Alto, Calif. :cebrary,d2013.nAvailable via World Wide Web.nAccess may be limited to ebrary affiliated libraries. 0aIraq War, 2003-2011. 0aWar on Terrorism, 2001-2009. 0aSecurity, International. 0aUnited StatesxMilitary policy. 0aIraqxPolitics and governmenty2003- 7aElectronic books.2local2 aebrary, Inc. 0aInternational security report ;v2007.40uhttp://site.ebrary.com/lib/rucke/Doc?id=10479698zAn electronic book accessible through the World Wide Web; click to view